000
00297nam a22001337a 4500
020
_a
978-9-351-03831-3
082
_a
821
_b
GRE/S
100
_a
GREENBERG,DAVID
245
_a
SUPER SILLY SCHOOL POEMS
260
_a
NEW YORK
_b
ORCHARD BOOKS
300
_a
32
650
_a
POEMS
_z
NEW YORK
942
_c
BK
999
_c
3909
_d
3909